Misteri ladang limau

Bibliographic Details
Main Author: Norisah K.
Corporate Author: Title
Format: Book
Published: Kuala Lumpur : Penerbitan Hasratpelajar , 1996
Series:Siri Salma
Subjects:

MARC

LEADER 00000cam a2200000 7i4500
001 0000054696
005 20151222.0
008 151109
020 |a 9830411613 
090 0 0 |a AD   |b MAL 
100 0 |a Norisah K.. 
245 1 0 |a Misteri ladang limau   |c Norisah K.. 
260 |a Kuala Lumpur :   |b Penerbitan Hasratpelajar ,   |c 1996 
440 0 |a Siri Salma 
500 |a Children ages 7-9 years old (orange) 
650 0 |a Detective and mystery stories, Malay 
650 0 |a Malay fiction 
710 0 |a Title 
999 |a 0000443945   |b Book   |c Children Collection   |e Cawangan Taman Universiti 
999 |a 0000443980   |b Book   |c Children Collection   |e Cawangan Pontian 
999 |a 0000443981   |b Book   |c Children Collection   |e Cawangan Pontian 
999 |a 0000769491   |b Book   |c Children Collection   |e Cawangan Bandar Penawar 
999 |a 0000769492   |b Book   |c Children Collection   |e Cawangan Bandar Penawar 
999 |a 0000778244   |b Book   |c Children Collection   |e Cawangan Pontian 
999 |a 0000778245   |b Book   |c Children Collection   |e Cawangan Pontian 
999 |a 0000778246   |b Book   |c Children Collection   |e Cawangan Pontian 
999 |a 0000778247   |b Book   |c Children Collection   |e Cawangan Pontian 
999 |a 0000778248   |b Book   |c Children Collection   |e Cawangan Pontian 
999 |a 0000792749   |b Book   |c Children Collection   |e Cawangan Segamat 
999 |a 0000792750   |b Book   |c Children Collection   |e Cawangan Segamat 
999 |a 0000792751   |b Book   |c Children Collection   |e Cawangan Segamat